Times Ingleses de Futebol - Statistics

Estatísticas Gerais
  • Esse quiz foi jogado 1 953 vezes
  • A pontuação média é 19 de 68
Estatísticas das Respostas
Resposta % Correto
Manchester City
97%
Manchester United
96%
Liverpool
93%
Arsenal
89%
Chelsea
89%
Tottenham
81%
Aston Villa
74%
West Ham
70%
Everton
65%
Newcastle
63%
Leicester
62%
Wolverhampton
57%
Brighton
54%
Crystal Palace
50%
Fulham
48%
Nottingham Forest
48%
Burnley
47%
Southampton
46%
Leeds United
45%
Brentford
42%
Norwich
37%
Sunderland
36%
Bournemouth
35%
Watford
35%
Sheffield United
31%
Hull City
28%
Birmingham
27%
Blackburn
25%
Stoke City
23%
Luton Town
21%
Swansea City
21%
Derby County
20%
Queens Park Rangers
20%
Ipswich Town
16%
Portsmouth
16%
Sheffield Wednesday
16%
Cardiff City
15%
Middlesbrough
15%
Millwall
15%
Bristol City
13%
Blackpool
11%
Reading
11%
Cambridge United
10%
West Bromwich Albion
10%
Coventry City
9%
Barnsley
7%
Bolton Wanderers
7%
Huddersfield Town
7%
Preston North End
6%
Wigan Athletic
6%
Oxford United
5%
Charlton Athletic
4%
Plymouth Argyle
4%
MK Dons
3%
Burton Albion
2%
Lincoln City
2%
Morecambe
2%
Wycombe Wanderers
2%
Accrington Stanley
1%
AFC Wimbledon
1%
Cheltenham Town
1%
Crewe Alexandra
1%
Doncaster Rovers
1%
Gillingham
1%
Peterborough United
1%
Rotherham United
1%
Fleetwood Town
0%
Shrewsbury Town
0%
Nenhum quiz correspondente encontrado
Distribuição das Pontuações
Porcentagem de Pessoas com Cada Pontuação
Percentil de Números Respondidos
Sua Pontuação Histórica
Você não jogou esse quiz